[Event "ChessOrg-Schachfestival 2022-Senioren"]
[Site "Bad Woerishofen"]
[Date "2022.03.11"]
[Round "1.26"]
[White "Koch, Dieter"]
[Black "Stern, Geoffrey"]
[Result "0-1"]
[WhiteElo "1629"]
[BlackElo "1930"]
[PlyCount "74"]
[EventDate "2022.??.??"]
[WhiteTeam "SC Ammersee"]
[BlackTeam "Gambit Bonnevoie"]

1. d4 d5 2. e3 Nf6 3. Bd3 e6 4. Nd2 c5 5. c3 Nc6 6. f4 Bd6 7. Qf3 Qc7 8. a4
cxd4 9. exd4 Bxf4 10. Nh3 Bxh2 11. Nf1 Bd6 12. Bg5 Qe7 13. O-O-O h6 14. Bh4 Bd7
15. Bc2 O-O-O 16. Ng3 Bxg3 17. Bxf6 gxf6 18. Qxg3 Rdg8 19. Qf3 f5 20. Rde1 Qd6
21. Re3 Ne7 22. Rhe1 Ng6 23. g3 Rg7 24. a5 Rhg8 25. a6 Qxa6 26. c4 dxc4 27. d5
Ne7 28. Ra3 Qb6 29. Qc3 Nxd5 30. Qxc4+ Qc7 31. Qa2 Nb4 32. Qb3 Qxc2+ 33. Qxc2+
Nxc2 34. Kxc2 Rxg3 35. Rxa7 Kc7 36. Nf4 Bc6 37. Nd3 Be4 0-1

[Event "ChessOrg-Schachfestival 2022-Senioren"]
[Site "Bad Woerishofen"]
[Date "2022.03.11"]
[Round "1.27"]
[White "Plischke, Berthold"]
[Black "Fischer, Johann"]
[Result "1-0"]
[WhiteElo "1929"]
[BlackElo "1625"]
[PlyCount "51"]
[EventDate "2022.??.??"]
[WhiteTeam "SV Wesel 1928 e.V."]
[BlackTeam "SK Krumbach"]

1. e4 e5 2. Nf3 Nc6 3. d4 exd4 4. Bc4 d6 5. c3 Be6 6. Bxe6 fxe6 7. cxd4 Be7 8.
d5 exd5 9. exd5 Ne5 10. Nxe5 dxe5 11. Qh5+ Kf8 12. Qxe5 Bf6 13. Qe4 Qd7 14. O-O
Re8 15. Qb4+ Ne7 16. Nc3 Bxc3 17. bxc3 Qxd5 18. Ba3 b6 19. Qf4+ Kg8 20. Qxc7
Nc6 21. Rad1 Qb5 22. Rd7 Qg5 23. Qxc6 h6 24. c4 Re2 25. Bc1 Qf5 26. Qc8+ 1-0

[Event "ChessOrg-Schachfestival 2022-Senioren"]
[Site "Bad Woerishofen"]
[Date "2022.03.11"]
[Round "1.28"]
[White "Hoferichter, Michael"]
[Black "McAndrew, Robert"]
[Result "0-1"]
[WhiteElo "1624"]
[BlackElo "1927"]
[PlyCount "84"]
[EventDate "2022.??.??"]
[WhiteTeam "Bergische SF 1923 Bergisch Gladbach e.V."]
[BlackTeam "Gambit Bonnevoie"]

{[%evp 0,73,26,26,27,27,63,48,50,35,122,48,72,21,28,13,13,8,-6,-15,-22,-28,6,5,
3,-13,2,-11,1,-105,-108,-96,-73,-79,-78,-163,-88,-132,-148,-159,-149,-169,-174,
-224,-140,-131,-107,-143,-134,-188,-129,-117,-130,-144,-129,-129,-134,-141,
-126,-305,-300,-351,-334,-351,-276,-276,-304,-331,-260,-479,-462,-491,-497,
-508,-506,-522]} 1. d4 Nf6 2. Bf4 g6 3. e3 Bg7 4. Nf3 c5 5. c3 O-O 6. Nbd2 d6
7. Be2 Nc6 8. h3 Re8 9. O-O e5 10. Bg5 e4 11. Nh2 h6 12. Bxf6 Qxf6 13. Ng4 Qe7
14. Re1 h5 15. Nh2 Bd7 16. f3 d5 17. Bf1 a6 18. Nb3 cxd4 19. Nxd4 b5 20. fxe4
dxe4 21. Qd2 Nxd4 22. cxd4 Rac8 23. Rac1 Bh6 24. g3 Qd6 25. Qf2 Be6 26. a3 Qd7
27. h4 Rxc1 28. Rxc1 Rc8 29. Qd2 Rxc1 30. Qxc1 Qxd4 31. Kf2 Qe5 32. Bg2 Bg7 33.
Nf1 f5 34. Bh3 Qxb2+ 35. Qxb2 Bxb2 36. Nd2 Bd5 37. Bf1 Bxa3 38. Ke2 Bd6 39. Kd1
Bxg3 40. Nb1 Bxh4 41. Nc3 Be6 42. Ne2 Bc4 0-1

[Event "ChessOrg-Schachfestival 2022-Senioren"]
[Site "Bad Woerishofen"]
[Date "2022.03.11"]
[Round "1.29"]
[White "Zoll, Detlef"]
[Black "Schlemminger, Degenhard"]
[Result "1-0"]
[WhiteElo "1914"]
[BlackElo "1623"]
[PlyCount "89"]
[EventDate "2022.??.??"]
[WhiteTeam "ESV 1949 Eberswalde e.V."]
[BlackTeam "SV Reutlingen"]

{[%evp 0,57,26,27,27,21,21,-2,12,-19,10,-6,-8,-53,31,17,62,55,74,61,83,102,86,
126,116,-10,-22,-73,197,197,197,197,495,571,582,552,567,577,587,578,578,578,
601,617,617,617,625,555,604,654,697,669,838,853,855,585,591,620,640,641]} 1. d4
d5 2. Nc3 Nf6 3. Bg5 c6 4. f3 Nbd7 5. e4 h6 6. Bh4 g5 7. Bf2 e6 8. e5 Ng8 9.
Qd2 c5 10. h4 cxd4 11. Bxd4 Bg7 12. Qe3 Ne7 13. Bd3 Nf5 14. Bxf5 exf5 15. e6
O-O 16. e7 Bxd4 17. exf8=Q+ Nxf8 18. Qxd4 Be6 19. Nge2 b6 20. O-O-O Rc8 21.
Nxd5 Bxd5 22. Qxd5 Qe7 23. Qd2 Ne6 24. hxg5 hxg5 25. Nc3 Rd8 26. Nd5 Qc5 27.
Qc3 Qxc3 28. Nxc3 Rc8 29. Rd7 a5 30. Rb7 Rc6 31. Nd5 Kg7 32. Rxb6 Rc5 33. Nc3
g4 34. Rb5 gxf3 35. gxf3 Rxb5 36. Nxb5 Kf8 37. c3 Ng5 38. Nd4 f4 39. b4 axb4
40. cxb4 Ke7 41. Kb2 Kd6 42. Rh5 f6 43. Kc3 Kd5 44. a4 Kd6 45. Kc4 1-0

[Event "ChessOrg-Schachfestival 2022-Senioren"]
[Site "Bad Woerishofen"]
[Date "2022.03.11"]
[Round "1.30"]
[White "Mitschka, Manfred"]
[Black "Harsch, Martin"]
[Result "1-0"]
[WhiteElo "1614"]
[BlackElo "1908"]
[PlyCount "45"]
[EventDate "2022.??.??"]
[WhiteTeam "SK Neuburg"]

1. d4 d5 2. Nf3 Nf6 3. c4 c6 4. e3 h6 5. Nc3 b5 6. cxb5 cxb5 7. Bd3 Bb7 8. Bd2
e6 9. Ne5 Nbd7 10. Nxd7 Qxd7 11. O-O Bd6 12. f4 O-O 13. Rf3 Ne4 14. Bxe4 dxe4
15. Rg3 f5 16. h4 Rac8 17. a3 Rc4 18. Na2 Rfc8 19. Bc3 Bd5 20. Nb4 Ra8 21. Qh5
Qf7 22. Nxd5 Qxh5 23. Nf6+ 1-0

[Event "ChessOrg-Schachfestival 2022-Senioren"]
[Site "Bad Woerishofen"]
[Date "2022.03.11"]
[Round "1.31"]
[White "Schmieder, Siegfried"]
[Black "Richter, Stefan"]
[Result "1-0"]
[WhiteElo "1904"]
[BlackElo "1612"]
[PlyCount "57"]
[EventDate "2022.??.??"]
[BlackTeam "Elstertal-langenberg"]

1. e4 Nc6 2. f4 g6 3. Nf3 Bg7 4. Nc3 d6 5. Bc4 e6 6. Qe2 Nge7 7. O-O O-O 8. Bb3
Nd4 9. Nxd4 Bxd4+ 10. Kh1 c6 11. d3 Bxc3 12. bxc3 d5 13. e5 b6 14. c4 Nf5 15.
cxd5 exd5 16. c3 Re8 17. Qf2 c5 18. d4 c4 19. Bc2 b5 20. g4 Ng7 21. f5 Qd7 22.
e6 fxe6 23. fxg6 Kh8 24. Qh4 Nf5 25. gxf5 exf5 26. Bf4 Qe7 27. Be5+ Kg8 28.
gxh7+ Qxh7 29. Rg1+ 1-0

[Event "ChessOrg-Schachfestival 2022-Senioren"]
[Site "Bad Woerishofen"]
[Date "2022.03.11"]
[Round "1.32"]
[White "Wolkenstein, Eckhardt"]
[Black "Bachmann, Rolf"]
[Result "0-1"]
[WhiteElo "1607"]
[BlackElo "1896"]
[PlyCount "90"]
[EventDate "2022.??.??"]
[WhiteTeam "ESV"]
[BlackTeam "Hsg Hamm"]

1. d4 d5 2. c4 c6 3. cxd5 cxd5 4. Nc3 Nf6 5. Nf3 Nc6 6. Bf4 e6 7. a3 a6 8. h3
Be7 9. e3 O-O 10. Bd3 h6 11. O-O b5 12. Rc1 Na5 13. Nd2 Nc4 14. Nxc4 bxc4 15.
Bb1 Bd6 16. Bxd6 Qxd6 17. e4 dxe4 18. Nxe4 Nxe4 19. Bxe4 Rb8 20. Rb1 Bd7 21. d5
e5 22. Qd2 Rfc8 23. f4 Rc5 24. fxe5 Qxe5 25. Qe3 Qc7 26. d6 Qb6 27. Kh1 Rb5 28.
Qxb6 R8xb6 29. Rfd1 Rxb2 30. Rdc1 Rxb1 31. Bxb1 Rxd6 32. Ba2 Bb5 33. Bxc4 Rc6
34. Bxf7+ Kxf7 35. Rxc6 Bxc6 36. Kg1 Ke6 37. Kf2 Kd5 38. Ke3 Kc4 39. g3 Kb3 40.
Kd3 Kxa3 41. Kc3 a5 42. h4 a4 43. Kc2 Kb4 44. Kb2 a3+ 45. Ka1 Bd5 0-1

[Event "ChessOrg-Schachfestival 2022-Senioren"]
[Site "Bad Woerishofen"]
[Date "2022.03.11"]
[Round "1.33"]
[White "Trefzer, Erhard"]
[Black "Farel, Edgard"]
[Result "1-0"]
[WhiteElo "1896"]
[BlackElo "1603"]
[PlyCount "37"]
[EventDate "2022.??.??"]
[WhiteTeam "SV Besigheim"]
[BlackTeam "SG Enger-Spenge"]

1. e4 c5 2. c3 d6 3. d4 cxd4 4. cxd4 e6 5. Nf3 Nc6 6. Nc3 Nf6 7. Bd3 Be7 8. h3
h6 9. Be3 Bd7 10. Rc1 a6 11. O-O O-O 12. Bb1 Nh7 13. e5 f5 14. exf6 Bxf6 15.
Qd3 Ng5 16. Nxg5 hxg5 17. f4 Rf7 18. Qh7+ Kf8 19. fxg5 1-0

[Event "ChessOrg-Schachfestival 2022-Senioren"]
[Site "Bad Woerishofen"]
[Date "2022.03.11"]
[Round "1.34"]
[White "Vaclahovsky, Gerhard"]
[Black "Christen, Pierre"]
[Result "0-1"]
[WhiteElo "1592"]
[BlackElo "1827"]
[PlyCount "68"]
[EventDate "2022.??.??"]
[WhiteTeam "SK Keres-Augsburg 1980"]
[BlackTeam "SG Trier"]

{[%evp 0,68,28,-33,-1,-17,44,30,30,35,12,27,31,15,9,15,15,4,49,19,26,-24,24,16,
15,8,33,31,97,100,94,70,91,92,95,71,63,65,49,23,28,33,45,28,42,54,54,-30,-14,
-20,-13,-8,-8,-30,2,-26,-2,-15,-36,-66,-62,-79,-87,-284,-264,-514,-448,-448,
-368,-372,-376]} 1. c4 Nf6 2. Nf3 c6 3. d4 d5 4. cxd5 cxd5 5. Nc3 Nc6 6. e3 e6
7. Bd3 Bd6 8. O-O a6 9. a3 O-O 10. b4 Qe7 11. Qb3 Bd7 12. Bd2 b5 13. Rfe1 Na7
14. e4 dxe4 15. Nxe4 Nxe4 16. Bxe4 Rac8 17. Rac1 Rxc1 18. Rxc1 Rc8 19. Qb1 f5
20. Bd3 h6 21. Ne5 Nc6 22. Nxd7 Qxd7 23. Be3 Ne7 24. Rxc8+ Qxc8 25. Qc2 Qb7 26.
f3 Qd5 27. Qb2 Nc6 28. Bc2 Bc7 29. Kf1 Qc4+ 30. Ke1 Bxh2 31. Kf2 f4 32. Bb3
fxe3+ 33. Kxe3 Qxd4+ 34. Qxd4 Bg1+ 0-1

[Event "ChessOrg-Schachfestival 2022-Senioren"]
[Site "Bad Woerishofen"]
[Date "2022.03.11"]
[Round "1.35"]
[White "Zwetz, Anita"]
[Black "Kuenne, Lutz Dieter"]
[Result "1-0"]
[WhiteElo "1859"]
[BlackElo "1570"]
[PlyCount "93"]
[EventDate "2022.??.??"]
[WhiteTeam "TSV Kareth-Lappersdorf"]
[BlackTeam "KingsClub Jena"]

1. d4 d5 2. Nf3 Nf6 3. Bg5 Bf5 4. h3 e6 5. Nbd2 Nbd7 6. Nh4 Bg6 7. Nxg6 hxg6 8.
Nf3 Be7 9. e3 Ne4 10. Bxe7 Qxe7 11. c3 O-O-O 12. Qa4 Kb8 13. Bd3 Nb6 14. Qb3
Nd6 15. a4 Ka8 16. Ne5 Nbc4 17. Nxc4 dxc4 18. Bxc4 Nxc4 19. Qxc4 Rd6 20. Qe2
Qg5 21. Qf3 Qf5 22. Qxf5 gxf5 23. f4 f6 24. Rf1 a6 25. b4 Kb8 26. b5 a5 27. c4
b6 28. c5 bxc5 29. dxc5 Rd5 30. c6 Ka7 31. Ke2 Rhd8 32. Rfd1 Kb6 33. Rxd5 Rxd5
34. Rd1 Kc5 35. Rxd5+ exd5 36. Kd3 Kd6 37. g4 fxg4 38. hxg4 g6 39. Kd4 Ke6 40.
e4 dxe4 41. Kxe4 f5+ 42. gxf5+ gxf5+ 43. Kd4 Kd6 44. Kc4 Ke6 45. Kc5 Ke7 46. b6
cxb6+ 47. Kxb6 1-0

[Event "ChessOrg-Schachfestival 2022-Senioren"]
[Site "Bad Woerishofen"]
[Date "2022.03.11"]
[Round "1.36"]
[White "Manthe, Joern"]
[Black "Desoye, Gernot"]
[Result "0-1"]
[WhiteElo "1320"]
[BlackElo "1776"]
[PlyCount "70"]
[EventDate "2022.??.??"]

1. e4 c5 2. Nf3 Nc6 3. d4 cxd4 4. Nxd4 e5 5. Nf3 Be7 6. Be3 d6 7. Nc3 Nf6 8.
Bb5 O-O 9. a3 h6 10. h3 Be6 11. Qd2 a6 12. Be2 d5 13. Bxh6 Nxe4 14. Qc1 Nxc3
15. bxc3 e4 16. Nd4 Nxd4 17. cxd4 gxh6 18. h4 Kg7 19. g4 Bxh4 20. Qe3 Bg5 21.
Qg3 Rc8 22. c3 Qc7 23. Qxc7 Rxc7 24. Rh3 Rfc8 25. c4 dxc4 26. Rc3 b5 27. Kf1
Rd7 28. Rd1 Rcd8 29. Kg2 Rxd4 30. Rf1 Rd2 31. Re1 Ra2 32. Kg3 Rdd2 33. f4 Rxe2
34. Rxe2 Rxe2 35. fxg5 hxg5 0-1

[Event "ChessOrg-Schachfestival 2022-Senioren"]
[Site "Bad Woerishofen"]
[Date "2022.03.11"]
[Round "1.37"]
[White "Koppenhoefer, Heinz"]
[Black "Lechner, Otto"]
[Result "0-1"]
[WhiteElo "1565"]
[BlackElo "1845"]
[PlyCount "66"]
[EventDate "2022.??.??"]
[WhiteTeam "TSV Solln Schachabteilung"]
[BlackTeam "TSV Wertingen 1862 SAbt"]

1. e4 c5 2. Nf3 a6 3. Nc3 Nc6 4. a3 e6 5. d3 Be7 6. Be3 d5 7. exd5 exd5 8. Bd2
Nf6 9. Be2 Bf5 10. O-O O-O 11. Re1 h6 12. h3 Bd6 13. Rb1 Re8 14. Na2 b5 15. Bf1
Qc7 16. Rxe8+ Rxe8 17. Be1 Qe7 18. Qd2 a5 19. Nc3 b4 20. Nb5 Bb8 21. a4 Nd7 22.
Rc1 Qf6 23. c3 Bxh3 24. Rd1 Bg4 25. Be2 Bf4 26. Qc2 b3 27. Qxb3 Rxe2 28. Qxd5
Qe6 29. Qc4 Bxf3 30. Qxf4 Rxe1+ 31. Rxe1 Qxe1+ 32. Kh2 Bd5 33. Kg3 Qe5 0-1

[Event "ChessOrg-Schachfestival 2022-Senioren"]
[Site "Bad Woerishofen"]
[Date "2022.03.11"]
[Round "1.38"]
[White "Koenigl, Anton"]
[Black "Krueger, Antje-Christine"]
[Result "1-0"]
[WhiteElo "1844"]
[BlackElo "1560"]
[PlyCount "99"]
[EventDate "2022.??.??"]
[WhiteTeam "FC Ergolding 1932 e.V."]
[BlackTeam "TSG Fredersdorf-Vogelsdorf"]

1. e4 d5 2. exd5 Qxd5 3. d4 Nc6 4. Nf3 Bg4 5. Be2 O-O-O 6. c4 Qh5 7. Be3 Nf6 8.
Nc3 e5 9. d5 a6 10. O-O Bb4 11. Qb3 Nd4 12. Bxd4 exd4 13. Qxb4 dxc3 14. bxc3
Rd6 15. h3 Bd7 16. Nd4 Qg6 17. Kh2 Re8 18. Bf3 Ne4 19. Qb2 Rb6 20. Qc2 Qd6+ 21.
Kg1 f5 22. a4 Qc5 23. Rfe1 Qxc4 24. Bxe4 fxe4 25. Rxe4 Qxd5 26. Rxe8+ Bxe8 27.
Nf5 Qe5 28. Nd4 Bg6 29. Qd2 Rb1+ 30. Rxb1 Bxb1 31. Nf3 Qf5 32. Qd4 Qg6 33. Qa7
Qd6 34. Qa8+ Kd7 35. Qxb7 Qd1+ 36. Kh2 Qd6+ 37. g3 Ba2 38. Qe4 Bd5 39. Qg4+ Kc6
40. Nd4+ Kc5 41. Qxg7 Kc4 42. Nf5 Qc5 43. Ne3+ Kb3 44. Qxh7 Kxa4 45. Qc2+ Bb3
46. Qd3 Qc6 47. Qd4+ Ka3 48. Qd3 Ka4 49. h4 Qf3 50. Qxa6# 1-0

[Event "ChessOrg-Schachfestival 2022-Senioren"]
[Site "Bad Woerishofen"]
[Date "2022.03.11"]
[Round "1.39"]
[White "Wraga, Teresa"]
[Black "Ganslmayer, Anton"]
[Result "1/2-1/2"]
[WhiteElo "1553"]
[BlackElo "1830"]
[PlyCount "31"]
[EventDate "2022.??.??"]
[WhiteTeam "SG Osnabrueck"]
[BlackTeam "SC Wangen"]

1. e4 e6 2. d3 d5 3. Nd2 c5 4. Ngf3 Nc6 5. g3 g6 6. Bg2 Bg7 7. O-O Nf6 8. c3
O-O 9. e5 Nd7 10. d4 cxd4 11. cxd4 f6 12. exf6 Nxf6 13. Re1 Qb6 14. Nb3 Ne4 15.
Be3 Bd7 16. Ne5 1/2-1/2

[Event "ChessOrg-Schachfestival 2022-Senioren"]
[Site "Bad Woerishofen"]
[Date "2022.03.11"]
[Round "1.40"]
[White "Hansch, Klaus-Michael"]
[Black "Stratmann, Alois"]
[Result "1-0"]
[WhiteElo "1829"]
[BlackElo "1547"]
[PlyCount "59"]
[EventDate "2022.??.??"]
[WhiteTeam "SC Weisse Dame e.V."]
[BlackTeam "SV Ahlen 54 e.V."]

1. e4 d6 2. d4 Nf6 3. Nc3 Nbd7 4. Nf3 c6 5. e5 dxe5 6. dxe5 Ng8 7. Bc4 e6 8.
O-O Be7 9. Bf4 Nb6 10. Bd3 Nd5 11. Nxd5 exd5 12. h3 h6 13. Qe2 Bc5 14. c3 Ne7
15. Nd4 Bxd4 16. cxd4 Nf5 17. Be3 Nxe3 18. Qxe3 O-O 19. f4 Be6 20. f5 Bc8 21.
f6 Qb6 22. fxg7 Kxg7 23. Rf6 Rh8 24. Raf1 Be6 25. Qg3+ Kf8 26. Rxe6 Qxd4+ 27.
Kh1 Re8 28. Rxf7+ Kxf7 29. Qg6+ Kf8 30. Rxe8# 1-0

[Event "ChessOrg-Schachfestival 2022-Senioren"]
[Site "Bad Woerishofen"]
[Date "2022.03.11"]
[Round "1.41"]
[White "Prenzel, Thomas"]
[Black "Hirstel, Serge"]
[Result "0-1"]
[WhiteElo "1523"]
[BlackElo "1828"]
[PlyCount "82"]
[EventDate "2022.??.??"]
[WhiteTeam "Klub Koelner SF e.V. 1967"]

1. e4 e5 2. Nf3 Nf6 3. Nc3 Bb4 4. d3 O-O 5. Bd2 Re8 6. Be2 d5 7. exd5 Nxd5 8.
Nxd5 Bxd2+ 9. Nxd2 Qxd5 10. O-O Nc6 11. Bf3 Qb5 12. Nb3 Bd7 13. c4 Qb4 14. Be4
Qd6 15. c5 Qh6 16. Qf3 Rab8 17. Bd5 Nd8 18. Rfe1 Bc6 19. Bxc6 Nxc6 20. Re4 Re6
21. Rae1 Rbe8 22. Qe3 Qxe3 23. R1xe3 f5 24. Rh4 g6 25. a3 h5 26. Ra4 a6 27. h3
Kf7 28. d4 exd4 29. Rxe6 Rxe6 30. Nxd4 Re1+ 31. Kh2 Re4 32. Rxa6 Rxd4 33. Ra8
Rd8 34. Rxd8 Nxd8 35. Kg3 g5 36. f4 g4 37. b4 Ne6 38. a4 c6 39. hxg4 hxg4 40.
Kf2 Nxf4 41. g3 Nd3+ 0-1

[Event "ChessOrg-Schachfestival 2022-Senioren"]
[Site "Bad Woerishofen"]
[Date "2022.03.11"]
[Round "1.42"]
[White "Vonach, Bernhard"]
[Black "Gaul, Karl-Heinz"]
[Result "1-0"]
[WhiteElo "1824"]
[BlackElo "1511"]
[PlyCount "69"]
[EventDate "2022.??.??"]
[WhiteTeam "SF Windach"]
[BlackTeam "SC Schwarz-Weiß Lichtenrade e.V."]

1. Nf3 b6 2. b3 Bb7 3. Bb2 Nf6 4. d4 e6 5. e3 d5 6. Bd3 c5 7. Nbd2 Bd6 8. O-O
Nc6 9. Ne5 Qc7 10. f4 h5 11. Qe2 a6 12. a3 b5 13. c4 O-O-O 14. cxb5 axb5 15.
Bxb5 Bxe5 16. fxe5 Ng4 17. h3 f5 18. Rac1 Qe7 19. Bxc6 Bxc6 20. Qa6+ Qb7 21.
Qxb7+ Kxb7 22. hxg4 Bb5 23. Rf2 hxg4 24. g3 Rh3 25. Rh2 Rxg3+ 26. Kf2 f4 27.
exf4 Rd3 28. Kg1 Rf8 29. Rxc5 Be8 30. Rc3 Rxd4 31. Rc7+ Kxc7 32. Bxd4 Rxf4 33.
Be3 Rf5 34. Rh7 Rxe5 35. Bf4 1-0

[Event "ChessOrg-Schachfestival 2022-Senioren"]
[Site "Bad Woerishofen"]
[Date "2022.03.11"]
[Round "1.43"]
[White "Braeu, Emmi"]
[Black "Rumsey, Victor"]
[Result "0-1"]
[WhiteElo "1476"]
[BlackElo "1811"]
[PlyCount "44"]
[EventDate "2022.??.??"]
[WhiteTeam "SK Marktoberdorf"]
[BlackTeam "Battersea"]

1. Nf3 d5 2. c4 e6 3. d4 Nf6 4. Nc3 Bb4 5. Bd2 O-O 6. e3 Nbd7 7. a3 Be7 8. cxd5
exd5 9. Rc1 c6 10. Bd3 Re8 11. O-O Bf8 12. Qc2 h6 13. Rfe1 Bd6 14. e4 dxe4 15.
Nxe4 Nxe4 16. Rxe4 Rxe4 17. Bxe4 Nf6 18. Re1 Nxe4 19. Qxe4 Be6 20. Qd3 Qf6 21.
Ne5 Rd8 22. Qf3 Bf5 0-1

[Event "ChessOrg-Schachfestival 2022-Senioren"]
[Site "Bad Woerishofen"]
[Date "2022.03.11"]
[Round "1.44"]
[White "Aigner, Georg"]
[Black "Margraf, Dieter"]
[Result "1-0"]
[WhiteElo "1809"]
[BlackElo "1474"]
[PlyCount "89"]
[EventDate "2022.??.??"]
[WhiteTeam "SC Taufkirchen"]
[BlackTeam "SC Sulzbach-Rosenberg"]

1. e4 d5 2. exd5 Nf6 3. d4 Nxd5 4. Bc4 c6 5. Ne2 Bf5 6. Nbc3 e6 7. O-O Bd6 8.
Ng3 Bg6 9. Nxd5 cxd5 10. Bd3 Nc6 11. c3 Qc7 12. Be3 O-O-O 13. a3 h5 14. f4 h4
15. Ne2 Kb8 16. c4 dxc4 17. Bxc4 h3 18. g3 Ne7 19. Rc1 Qc6 20. d5 exd5 21. Nd4
Qb6 22. Bb3 Qa6 23. f5 Bh7 24. Bc2 Be5 25. Bf4 Bxf4 26. Rxf4 Rd6 27. Rh4 Rh6
28. Rxh6 Qxh6 29. Qe1 Qf6 30. Qe3 Bxf5 31. Qf4+ Ka8 32. Nxf5 Nxf5 33. Qxf5 Qd4+
34. Qf2 Qxb2 35. Qd2 Qxa3 36. Qe1 Qf3 37. Qf2 Qxf2+ 38. Kxf2 Rh5 39. Re1 b6 40.
Re7 g5 41. Rxf7 g4 42. Rg7 d4 43. Rxg4 Rc5 44. Bd3 b5 45. Rxd4 1-0

[Event "ChessOrg-Schachfestival 2022-Senioren"]
[Site "Bad Woerishofen"]
[Date "2022.03.11"]
[Round "1.45"]
[White "De Polzer, Manfredi"]
[Black "Laustsen, Karl-Johan"]
[Result "0-1"]
[WhiteElo "1452"]
[BlackElo "1790"]
[PlyCount "80"]
[EventDate "2022.??.??"]
[BlackTeam "1.FC Marktleuthen"]

1. e4 c5 2. c3 d5 3. e5 Bf5 4. d4 e6 5. Nf3 Nc6 6. Bb5 Qb6 7. Na3 cxd4 8. Nxd4
Bg6 9. Be3 Qc7 10. O-O a6 11. Qa4 Nge7 12. Rac1 Rc8 13. Be2 Nf5 14. Bg5 Be7 15.
Bf4 O-O 16. Nxc6 Qxc6 17. Qd1 Bxa3 18. bxa3 b5 19. g4 Ne7 20. Bf3 Qc4 21. Qd2
Qd3 22. Qxd3 Bxd3 23. Rfd1 Bg6 24. Be2 Rc6 25. Bg5 Re8 26. Be3 Rec8 27. Bd4
R8c7 28. Bd3 Bxd3 29. Rxd3 Rc4 30. Rb1 Nc6 31. Rbd1 Ra4 32. Re3 Nxd4 33. cxd4
Rc2 34. Rdd3 Rac4 35. Kf1 Rxa2 36. Rc3 Kf8 37. Red3 Ke7 38. g5 Kd7 39. h4 Rxc3
40. Rxc3 Rd2 0-1

[Event "ChessOrg-Schachfestival 2022-Senioren"]
[Site "Bad Woerishofen"]
[Date "2022.03.11"]
[Round "1.46"]
[White "Meul, Willi"]
[Black "Lie, Terje"]
[Result "1-0"]
[WhiteElo "1789"]
[BlackElo "1441"]
[PlyCount "69"]
[EventDate "2022.??.??"]
[WhiteTeam "SV 1925 Huerth-Berrenrath"]
[BlackTeam "Bergens SK"]

1. d4 Nf6 2. Bf4 d5 3. e3 e6 4. Nd2 Be7 5. Bd3 Nbd7 6. Ngf3 h6 7. h3 Nb6 8. Qe2
Bd6 9. Ne5 Nbd7 10. c4 Be7 11. O-O Nxe5 12. dxe5 Nh7 13. cxd5 Qxd5 14. Rfc1 c6
15. e4 Qd8 16. Nc4 O-O 17. Bc2 Bg5 18. Rd1 Qe7 19. Bh2 Qc7 20. f4 Be7 21. Rd3
Rd8 22. Rad1 Rxd3 23. Rxd3 Bd7 24. Qd1 Rd8 25. f5 Nf8 26. Kh1 Bc5 27. Qd2 b5
28. Nd6 Bb6 29. f6 g5 30. h4 Nh7 31. Bd1 c5 32. Qe2 Qc6 33. Qh5 Rf8 34. Qxh6
Nxf6 35. exf6 1-0

[Event "ChessOrg-Schachfestival 2022-Senioren"]
[Site "Bad Woerishofen"]
[Date "2022.03.11"]
[Round "1.47"]
[White "Bjorgvik, Jan Arne"]
[Black "Beitz, Joanne"]
[Result "1-0"]
[WhiteElo "1771"]
[BlackElo "1314"]
[PlyCount "61"]
[EventDate "2022.??.??"]
[WhiteTeam "Direktmitglied NSF"]
[BlackTeam "Mettmann-Sport e.V."]

1. e4 e5 2. Nf3 Nc6 3. Bc4 Nf6 4. Nc3 h6 5. O-O Bc5 6. h3 O-O 7. Re1 d6 8. a3
Be6 9. Qe2 Nd4 10. Nxd4 exd4 11. Na4 Qd7 12. Nxc5 dxc5 13. Bxe6 fxe6 14. d3 e5
15. Rf1 Rf7 16. f4 Re8 17. fxe5 Rxe5 18. Bf4 Rh5 19. e5 Qe7 20. Qf3 Rf5 21.
exf6 R5xf6 22. Qg3 g5 23. Be5 Rg6 24. Rxf7 Kxf7 25. Rf1+ Kg8 26. Qf3 Qxe5 27.
Qf7+ Kh8 28. Qxg6 Qe3+ 29. Kh1 Qe7 30. Qxh6+ Qh7 31. Rf8# 1-0

[Event "ChessOrg-Schachfestival 2022-Senioren"]
[Site "Bad Woerishofen"]
[Date "2022.03.11"]
[Round "1.48"]
[White "Bertram, Marina"]
[Black "Klein, Gerhard"]
[Result "0-1"]
[WhiteElo "1304"]
[BlackElo "1771"]
[PlyCount "36"]
[EventDate "2022.??.??"]
[WhiteTeam "SF Bad Lausick"]
[BlackTeam "Sfr.Konz-Karthaus"]

{[%evp 0,36,28,40,49,36,28,11,-6,15,7,3,12,-13,19,-73,-16,0,-8,-70,-45,-196,19,
-323,-18,-35,-35,-20,-6,-207,-35,-65,-47,-47,-37,-40,-27,-46,-65]} 1. e4 e6 2.
d4 d5 3. e5 c5 4. Nf3 Qb6 5. Nc3 Bd7 6. Be2 cxd4 7. Nxd4 Bc5 8. Be3 Ne7 9. Ncb5
O-O 10. O-O Ng6 11. f4 a6 12. Nd6 Nc6 13. c3 Qc7 14. Qd3 Bxd6 15. Nxc6 Bxc6 16.
exd6 Qxd6 17. Qd4 Qc7 18. Bh5 Bb5 {[%mdl 8192]} 0-1

[Event "ChessOrg-Schachfestival 2022-Senioren"]
[Site "Bad Woerishofen"]
[Date "2022.03.11"]
[Round "1.49"]
[White "Walther, Renate"]
[Black "Bail, Leonhard"]
[Result "1/2-1/2"]
[WhiteElo "1180"]
[BlackElo "1759"]
[PlyCount "54"]
[EventDate "2022.??.??"]
[WhiteTeam "SK 1911 Herzogenaurach"]

1. e4 e5 2. d4 Nc6 3. dxe5 Nxe5 4. Nf3 Ng6 5. Nc3 Bb4 6. Bd2 d6 7. a3 Ba5 8.
Bc4 Nf6 9. Ng5 O-O 10. O-O Ne5 11. Be2 h6 12. Nf3 c6 13. Nxe5 dxe5 14. Be3 Bxc3
15. Qxd8 Rxd8 16. bxc3 Nxe4 17. Rad1 Bf5 18. Rxd8+ Rxd8 19. Bd3 Bh7 20. Rd1 f5
21. Bc4+ Rd5 22. Bxd5+ cxd5 23. Rxd5 Nxc3 24. Rd8+ Kf7 25. Rd7+ Kf6 26. Rd6+
Kf7 27. Rd7+ Kf6 1/2-1/2

[Event "ChessOrg-Schachfestival 2022-Senioren"]
[Site "Bad Woerishofen"]
[Date "2022.03.12"]
[Round "2.1"]
[White "Stern, Geoffrey"]
[Black "Pruefer, Friedbert"]
[Result "1/2-1/2"]
[WhiteElo "1930"]
[BlackElo "2227"]
[PlyCount "45"]
[EventDate "2022.??.??"]
[WhiteTeam "Gambit Bonnevoie"]
[BlackTeam "TSG 1861 Taucha"]

1. d4 Nf6 2. Nc3 g6 3. e4 d6 4. Nge2 Bg7 5. g3 O-O 6. Bg2 e5 7. O-O Nc6 8. dxe5
Nxe5 9. b3 Bd7 10. a4 Re8 11. f3 h5 12. Be3 Qc8 13. Qd2 Kh7 14. Rad1 Bh3 15.
Bxh3 Qxh3 16. Nf4 Qd7 17. Ncd5 Nxd5 18. Nxd5 Nc6 19. Bg5 Re6 20. Nf4 Re5 21.
Nd5 Re6 22. Nf4 Re5 23. Nd5 1/2-1/2

[Event "ChessOrg-Schachfestival 2022-Senioren"]
[Site "Bad Woerishofen"]
[Date "2022.03.12"]
[Round "2.2"]
[White "Kierzek, Matthias"]
[Black "Plischke, Berthold"]
[Result "1-0"]
[WhiteElo "2209"]
[BlackElo "1929"]
[PlyCount "65"]
[EventDate "2022.??.??"]
[WhiteTeam "SC Fulda"]
[BlackTeam "SV Wesel 1928 e.V."]

1. d4 Nf6 2. c4 e6 3. Nf3 b6 4. g3 Ba6 5. Qc2 d5 6. cxd5 Nxd5 7. a3 c5 8. Bg2
cxd4 9. Nxd4 Be7 10. O-O Nd7 11. Qa4 Qc8 12. Bd2 O-O 13. Rc1 Nc5 14. Qd1 Bf6
15. Bxd5 exd5 16. Be3 Qg4 17. Nc3 Rfe8 18. b4 Bxd4 19. Bxd4 Ne6 20. e3 Qh3 21.
Qf3 Ng5 22. Qxd5 Qg4 23. b5 Rad8 24. Qc6 Re6 25. Qc7 Rc8 26. Qd7 Nf3+ 27. Kg2
Nh4+ 28. Kg1 Qh3 29. Qd5 Rd6 30. Qh1 Rc4 31. bxa6 Rcxd4 32. exd4 Qg4 33. Qa8+
1-0